000
00329nam a22001577a 4500
003
SGT
020
_a
978-93-5930-161-7
082
_a
346.07
_b
KUC
100
_a
KUCHAHAL, M.C.
245
_a
BUSINESS LAW
250
_a
9TH
260
_a
INDIA
_b
VIKASH PUB.
_c
2024
300
_a
471
650
_a
BUSINESS LAW
942
_2
ddc
_c
BK
999
_c
29488
_d
29488